<?xml version="1.0" encoding="UTF-8"?>
<collection xmlns="http://www.loc.gov/MARC21/slim">
 <record>
  <leader>01349nam a22002177a 4500</leader>
  <controlfield tag="001">NCT_4_027321</controlfield>
  <controlfield tag="008">251017b        xxu||||| |||| 00| 0 vie d</controlfield>
  <datafield tag="999" ind1=" " ind2=" ">
   <subfield code="c">9359</subfield>
   <subfield code="d">9359</subfield>
  </datafield>
  <datafield tag="020" ind1=" " ind2=" ">
   <subfield code="a">9781563273889</subfield>
  </datafield>
  <datafield tag="082" ind1=" " ind2=" ">
   <subfield code="2">23rd ed.</subfield>
   <subfield code="a">658.562</subfield>
   <subfield code="b">S555</subfield>
  </datafield>
  <datafield tag="100" ind1="1" ind2=" ">
   <subfield code="a">Shiba, Shoji</subfield>
  </datafield>
  <datafield tag="245" ind1="1" ind2="0">
   <subfield code="a">Four practical revolutions in management : </subfield>
   <subfield code="b">Systems for creating unique organizational capability</subfield>
   <subfield code="c">Shoji Shiba ; David Walden</subfield>
  </datafield>
  <datafield tag="260" ind1=" " ind2=" ">
   <subfield code="a">New York</subfield>
   <subfield code="b">Productivity Press</subfield>
   <subfield code="c">1993</subfield>
  </datafield>
  <datafield tag="300" ind1=" " ind2=" ">
   <subfield code="a">xxvi, 758 p.</subfield>
   <subfield code="b">ill.</subfield>
   <subfield code="c">23 cm</subfield>
  </datafield>
  <datafield tag="504" ind1=" " ind2=" ">
   <subfield code="a">Includes bibliographical references and index</subfield>
  </datafield>
  <datafield tag="520" ind1="3" ind2=" ">
   <subfield code="a">This book presents an integrated approach to management aimed at boosting business efficiency and enabling breakthrough opportunities. Shiba and Walden emphasize transforming company thinking to recognize opportunities, even fostering collaboration with competitors. They advocate balancing internal efficiency with outward expansion, especially into emerging Asian markets. The authors promote radical thinking and risk-taking as essential strategies for thriving in a globalized economy.</subfield>
  </datafield>
  <datafield tag="653" ind1=" " ind2=" ">
   <subfield code="a">Quản trị kinh doanh</subfield>
  </datafield>
  <datafield tag="700" ind1="1" ind2=" ">
   <subfield code="a">Walden, David </subfield>
  </datafield>
  <datafield tag="942" ind1=" " ind2=" ">
   <subfield code="2">ddc</subfield>
   <subfield code="c">BK</subfield>
  </datafield>
  <datafield tag="952" ind1=" " ind2=" ">
   <subfield code="0">0</subfield>
   <subfield code="1">0</subfield>
   <subfield code="2">ddc</subfield>
   <subfield code="4">0</subfield>
   <subfield code="6">658_562000000000000_S555</subfield>
   <subfield code="7">0</subfield>
   <subfield code="9">31495</subfield>
   <subfield code="a">000001</subfield>
   <subfield code="b">000001</subfield>
   <subfield code="d">2025-10-17</subfield>
   <subfield code="o">658.562 S555</subfield>
   <subfield code="p">MD.24474</subfield>
   <subfield code="r">2025-10-17</subfield>
   <subfield code="w">2025-10-17</subfield>
   <subfield code="y">BK</subfield>
  </datafield>
  <datafield tag="980" ind1=" " ind2=" ">
   <subfield code="a">Thư viện Trường Đại học Nam Cần Thơ</subfield>
  </datafield>
 </record>
</collection>
